Import substitution, trade and development
Đã lưu trong:
| Príomhúdar: | |
|---|---|
| Formáid: | Leabhar |
| Teanga: | Undetermined |
| Foilsithe: |
New York
Jai Press
1977
|
| Ábhair: | |
| Clibeanna: |
Cuir Clib Leis
Gan Chlibeanna, Bí ar an gcéad duine leis an taifead seo a chlibeáil!
|
| Thư viện lưu trữ: | Trung tâm Học liệu Trường Đại học Cần Thơ |
|---|
| LEADER | 00470nam a2200169Ia 4500 | ||
|---|---|---|---|
| 001 | CTU_79576 | ||
| 008 | 210402s9999 xx 000 0 und d | ||
| 082 | |a 382.6 | ||
| 082 | |b A286/Vol.11 | ||
| 100 | |a Ahmad, Jaleel | ||
| 245 | 0 | |a Import substitution, trade and development | |
| 245 | 0 | |c Jaleel Ahmadp | |
| 260 | |a New York | ||
| 260 | |b Jai Press | ||
| 260 | |c 1977 | ||
| 650 | |a Commerce,Import substitution | ||
| 980 | |a Trung tâm Học liệu Trường Đại học Cần Thơ | ||